Statistiken für Markenlogos #6

Klicken Sie hier um das Quiz zu spielen!

Allgemein

  • Dieses Quiz wurde 1.776 mal gespielt
  • Das Durchschnittsergebnis liegt bei 10 aus 20

Antwortstatistiken

Marke% Korrekt
Coca-Cola
96%
Subway
91%
Dove
88%
Doritos
83%
Nickelodeon
81%
Lays
79%
Lipton
73%
Marvel Comics
72%
Nerf
64%
Harley-Davidson
63%
Mountain Dew
59%
IBM
45%
Blockbuster
18%
Chick-fil-A
18%
AOL
14%
CBS
7%
Hoover
4%
Starter
4%
Big Boy
3%
Tivo
1%

Verteilung der Resultate

Perzentil nach korrekt beantworteten Fragen

Anzahl Personen mit jedem Resultat

Ihre Resultats-Entwicklung

Sie haben dieses Quiz noch nicht gespielt